00000000nam 2200000za 4500
0019.855943
003CaOODSP
00520221107155424
007cr |||||||||||
008180430s2017    oncd    obs  f000 0 fre d
040 |aCaOODSP|bfre
043 |an-cn---
0861 |aJ23-4/15-2017F-PDF
24500|aJordan |h[ressource électronique] : |bstatistiques relatives aux délais au sein du système de justice pénale.
24630|aStatistiques relatives aux délais au sein du système de justice pénale
260 |a[Ottawa] : |bMinistère de la justice Canada, |c2017.
300 |a7 p. : |bgraph. en coul.
4901 |aPrécis des faits
500 |aPubl. aussi en anglais sous le titre : Jordan: statistics related to delay in the criminal justice system.
500 |aTitre de départ.
500 |a« Décembre 2017. »
504 |aComprend des références bibliographiques.
520 |a« La présente fiche d’information s’appuie sur des données accessibles au public de Statistique Canada et de bases de données provinciales, sur un certain nombre d’études publiées de 2009 à 2017 par le ministère de la Justice Canada, les gouvernements canadiens (fédéral, provinciaux et territoriaux) et les établissements universitaires, ainsi que sur des données tirées d’un rapport de recherche interne produit par le ministère de la Justice Canada en 2013 » -- P. [1].
69207|2gccst|aJustice pénale
693 4|aTribunaux--Encombrement et retard
693 4|aStatistiques
7101 |aCanada. |bMinistère de la justice. |bDivision de la recherche et de la statistique.
77508|tJordan |w(CaOODSP)9.855942
830#0|aPrécis des faits (Canada. Ministère de la justice. Division de la recherche et de la statistique)|w(CaOODSP)9.854927
85640|qPDF|s400 Ko|uhttps://publications.gc.ca/collections/collection_2018/jus/J23-4-15-2017-fra.pdf